00314nam a2200109Ia 4500008004000000082001600040100002300056245005100079260003900130300001200169650002300181210210b1998 xxu||||| |||| 00| 0 eng d a530.02 BHAV aBHAT (M Narayana). aVinyas publishers physics made easy for C E T. aMangalorebVinyas Publishersc1998 axxi,393 aVinyas CET physics